000
00275nam a22001337a 4500
020
_a
0-7214-2444-9
082
_a
823
_b
YAT/T
100
_a
IRENE
245
_a
ENGLISH SHORT STORY
260
_a
UK
_b
LADYBIRD
300
_a
27
650
_a
ENGLISH SHORT STORY
_z
UK
942
_c
BK
999
_c
4692
_d
4692